000 00554nam a2200193Ia 4500
999 _c10554
_d10554
003 OSt
005 20200103105536.0
008 190216s9999||||xx |||||||||||||| ||und||
020 _a9788125906292
020 _a8125906290
040 _coclc
082 _a332.10954
_bMAC/I
100 _aMachiraju, H R
_91005
245 0 _aIndian Financial System /
_c H R Machiraju
260 _bVikas Publishing House,
_c2000.
_aNew Delhi:
300 _a19.17p
650 _aEconomics
942 _cBK
_2ddc
_h332.10954
_iMAC/I
_k332.10954
_mMAC/I